书目信息 |
| 题名: |
海德格尔选集
|
|
| 作者: | 孙周兴 | |
| 分册: | 上 | |
| 出版信息: | 上海 三联书店 1996 |
|
| 页数: | 724 | |
| 开本: | 20cm | |
| 丛书名: | 20世纪人类思想家文库 | |
| 单 册: | ||
| 中图分类: | B0 , B516.54 | |
| 科图分类: | ||
| 主题词: | 哲学--欧洲 | |
| 电子资源: | ||
| ISBN: | 7-5426-0991-0 | |
| 000 | 00608nam0 2200217 450 | |
| 001 | 2652459042 | |
| 005 | 20260409143806.86 | |
| 010 | @a7-5426-0991-0@dCNY35.00 | |
| 100 | @a20070904d km y0chiy0120 ea | |
| 101 | 0 | @achi |
| 200 | 1 | @a海德格尔选集@Ahai de ge er xuan ji@h上@f孙周兴@Fsun zhou xing |
| 210 | @a上海@c三联书店@d1996 | |
| 215 | @a724@c70@d20cm | |
| 225 | 2 | @a20世纪人类思想家文库 |
| 410 | 0 | @12001 @a20世纪人类思想家文库 |
| 606 | 0 | @a哲学@x欧洲 |
| 690 | @aB0@v3 | |
| 690 | @aB516.54@v4 | |
| 701 | 0 | @a孙周兴@Asun zhou xing |
| 801 | 0 | @aCN@bPFT@c20070904 |
| 905 | @a213230@dB516.54@e254:1@f1 | |
| 海德格尔选集.上/孙周兴.-上海:三联书店,1996 |
| 724:70;20cm.-(20世纪人类思想家文库) |
| ISBN 7-5426-0991-0:CNY35.00 |
| ● |
| 相关链接 |
|
|
|
|
正题名:海德格尔选集
索取号:B516.54/254:1
 
预约/预借
| 序号 | 登录号 | 条形码 | 馆藏地/架位号 | 状态 | 备注 |
| 1 | 1442307 | 214423079 | 第一样本阅览室/ [索取号:B516.54/254:1] | 在馆 |